000 00726nam a2200217 i 4500
001 89860
003 ES-MaACL
007 t|
008 050114s1984 sp ||||1| spa d
100 1 _aLathrop, Thomas A.
_970522
245 1 0 _aCurso de gramática histórica española /
_cThomas A. Lathrop ; con la colaboración de Juan Gutiérrez Cuadrado ; [traducción de Juan Gutiérrez Cuadrado y Ana Blas].
250 _a[1ª ed.].
260 _aBarcelona :
_bAriel,
_c[1984]
300 _a387 p. ;
_c21 cm.
490 1 _aLetras e ideas
700 1 _aGutiérrez Cuadrado, Juan.
_961109
700 1 _aBlas, Ana.
_929341
830 0 _aLetras e ideas
_9176527
852 _aES-MaACL
_jL-6561
_bR.106965
999 _c89860
_d89860